Malaysian numismatic heritage

Bibliographic Details
Corporate Author: Bank Negara Malaysia
Format: Book
Language:English
Published: Kuala Lumpur : Bank Negara Malaysia 2005
Subjects:

MARC

LEADER 00000cam a2200000 7i4500
001 0000016760
005 20241028.0
008 060626 my a eng
020 |a 983958636X 
040 |a INS   |b eng   |e rda 
090 0 0 |a CJ3620   |b .M35 2005 
245 1 0 |a Malaysian numismatic heritage   |c Bank Negara Malaysia 
264 1 |a Kuala Lumpur :   |b Bank Negara Malaysia   |c 2005 
300 |a xi, 386 pages :   |b colour illustrations ;   |c 29 cm. 
336 |a text  |2 rdacontent 
337 |a unmediated  |2 rdamedia 
338 |a volume  |2 rdacarrier 
504 |a Includes bibliographical references and index 
650 0 |a Numismatics   |z Malaysia 
710 1 |a Bank Negara Malaysia 
999 |a 0000016825   |b BOOK   |c Open Shelf   |e Default branch